00422nam a2200133Ia 45000010005000000080041000050820020000461000091000662450064001572600016002215900007002379010029002449990015002733468241024s9999 xx 000 0 und d aRD/363.34/R426m aRepública Dominicana. Ministerio de Economía, Planificación y Desarrollo (MEP&D) 0aPrograma de prevención de Desastres y Gestión de Riesgo bEGRAFc2013 asi a11/11/2013 12:17:26 p.m. c9359d9359